| 000 | 01516cam a22003254a 4500 | ||
|---|---|---|---|
| 999 |
_c330407 _d330407 |
||
| 001 | 12838630 | ||
| 003 | NUST | ||
| 005 | 20180117090027.0 | ||
| 008 | 020701s2003 maua b 001 0 eng | ||
| 010 | _a 2002010355 | ||
| 020 | _a0072333103 (alk. paper) | ||
| 040 |
_aDLC _cDLC _dDLC |
||
| 042 | _apcc | ||
| 050 | 0 | 0 |
_aBF76.5 _b.P58 2003 |
| 082 | 0 | 0 |
_a150/.7/2 _221 |
| 100 | 1 |
_aPittenger, David J. _93183 |
|
| 245 | 1 | 0 |
_aBehavioral research design and analysis / _cDavid J. Pittenger. |
| 250 | _a1st ed. | ||
| 260 |
_aBoston : _bMcGraw-Hill, _cc2003. |
||
| 300 |
_axv, 559 p. : _bill. ; _c24 cm. _e1 computer laser optical disc (4 3/4 in.) |
||
| 504 | _aIncludes bibliographical references (p. 542-552) and index. | ||
| 538 | _aSystem requirements for accompanying computer disc: Windows 98; Mac OS 8.6, with 48MB RAM, 4X CD-ROM drive; Netscape Navigator 4.7; Microsoft Internet Explorer 5.0; IE browser included. | ||
| 650 | 0 |
_aPsychology _xResearch _xMethodology. _93184 |
|
| 856 | 4 | 2 |
_3Publisher description _uhttp://www.loc.gov/catdir/enhancements/fy0668/2002010355-d.html |
| 856 | 4 | 1 |
_3Table of contents only _uhttp://www.loc.gov/catdir/enhancements/fy0668/2002010355-t.html |
| 906 |
_a7 _bcbc _corignew _d1 _eecip _f20 _gy-gencatlg |
||
| 942 |
_2ddc _cBK |
||